01635nam a2200241Ia 4500001000900000003000500009008004100014010001100055040000900066090001500075110008300090245009800173260003100271300001400302505084300316901001501159902000601174905006301180942000701243942000701250999001901257952011701276dia_7801CHAP220117s1968 xx 000 0 und d a179276 cCHAP aF 992 1968 aAsociación Latinoamericana de Industriales de Conservas Alimenticias9163322 aAgenda provisional de la Segunda Reunión Sectrorial de la Industria de Productos Cítricos aMéxico :b ALICA,c1968 aca. 35 h. aAgenda del plenario de indistriales \ 2. Posibilidades de realizar estudios de mercado para productos alimenticios conservados en los pasíses de la ALALC \ 3. Posibilidades de vinculación entre la ALALC y la Comisión del CODEX Alimentarius de las Naciones Unidas \ 4. Lista de productos a tratar en la segunda reunión sectorial de fabricantes de productos cítricos \ 5. Importaciones correspondientes al sector de industriales de productos cítricos, realizada durante los años 1962, 1963, 1964, 1965 y 1966 \ 6. Derechos aduaneros y gravámenes de efectos equivalentes y restricciones aplicables a la importación de los productos detallados en el documento ALICA-SI.PCI-II-di 2 \ 7. Jugos de frutas cítricas. Comercio exterior global \ 8. Informe a la segunda Reunión Sectorial de la Industria de Productos Cítricos aF 992 1968 aA a5232271968 mx n 8225222322spa16 c12 c12 c179276d179276 00102local4051708FOLLaIA_bIA_c1d2022-01-18f12l0pdia_014182r2022-01-18 00:00:00t1w2022-01-18yFOLL